State of India's Urbanisation (Record no. 408489)

000 -LEADER
fixed length control field 00431cam a22001217a 4500
008 - FIXED-LENGTH DATA ELEMENTS--GENERAL INFORMATION
fixed length control field 180718b1988 xxu||||| |||| 00| 0 eng d
082 ## - DEWEY DECIMAL CLASSIFICATION NUMBER
Classification number b131x54 N213s
245 ## - TITLE STATEMENT
Title State of India's Urbanisation
Statement of responsibility, etc. By National Institute of Urban Affairs
260 ## - PUBLICATION, DISTRIBUTION, ETC.
Place of publication, distribution, etc. New Delhi
Name of publisher, distributor, etc. National Institute of Urban Affair
Date of publication, distribution, etc. 1988
300 ## - PHYSICAL DESCRIPTION
Extent vii, 73p
650 ## - SUBJECT ADDED ENTRY--TOPICAL TERM
Topical term or geographic name entry element Cities and towns --India --Growth --Statistics
650 ## - SUBJECT ADDED ENTRY--TOPICAL TERM
Topical term or geographic name entry element Cities and towns --India --Growth
Holdings
Withdrawn status Lost status Damaged status Not for loan Permanent Location Current Location Date acquired Full call number Barcode Date last seen Price effective from Koha item type
        Indian Institute of Public Administration Indian Institute of Public Administration 2008-12-19 b131x54 N213s DA12672 2018-07-21 2018-07-21 DA

Powered by Koha